[Event "Baku Ahiita op"]
[Site "Baku"]
[Date "2015.11.16"]
[Round "3"]
[White "Ahmadov, Murad"]
[Black "Alakbarov, Emin Azad"]
[Result "0-1"]
[WhiteElo "1529"]
[BlackElo "1754"]
[PlyCount "86"]
[EventDate "2015.11.14"]
[EventType "swiss"]
[EventRounds "7"]
[EventCountry "AZE"]
[SourceTitle "EXT 2024"]
[Source "ChessBase"]
[SourceDate "2023.10.10"]
[SourceVersion "1"]
[SourceVersionDate "2023.10.10"]
[SourceQuality "1"]

1. e4 c6 2. d4 d5 3. exd5 cxd5 4. c4 Nf6 5. Nc3 g6 6. Nf3 Bg7 7. Bf4 0-0 8. c5 Nc6 9. Be2 Ne4 10. 0-0 Re8 11. Rc1 Bf5 12. Bb5 Nxc3 13. bxc3 Bg4 14. Re1 a6 15. Bxc6 bxc6 16. h3 Bxf3 17. Qxf3 Qa5 18. Qd3 e5 19. Bxe5 Bxe5 20. dxe5 Qxc5 21. Qd4 Qa5 22. a4 Rad8 23. Qb4 Qc7 24. Qf4 Re6 25. c4 d4 26. c5 Rd5 27. Re4 d3 28. Rd4 Qxe5 29. Qxe5 Rexe5 30. Rxd5 Rxd5 31. f3 Kg7 32. Kf2 d2 33. Rd1 Kf6 34. Ke3 Ke6 35. f4 f5 36. g4 h5 37. gxh5 gxh5 38. h4 a5 39. Rxd2 Rxd2 40. Kxd2 Kd5 41. Kd3 Kxc5 42. Kc3 Kd5 43. Kd3 c5 0-1